000 00624nam a2200229Ia 4500
003 OSt
005 20221006164125.0
006 a|||||r|||| 00| 0
007 ta
008 221006b |||||||| |||| 00| 0 eng d
024 _a6,984
037 _cTextual
040 _aFML
_cFML
_beng
041 _2eng
_aeng
082 _aNR44, K7
100 _aBashumani Shivendranath Au.
_9676650
245 0 _aSangeet Praveshika Part - 1
260 _aVaranasi
_bBanaras Hindu University India
_c1967
300 _a72
_ccm.
942 _hNR44, K7
_cTEXL
_2CC
999 _c1116282
_d1116282